Länder nach Sehenswürdigkeiten#2 (Europa) - Statistiken

Allgemein
  • Dieses Quiz wurde 83 mal gespielt
  • Das Durchschnittsergebnis liegt bei 8 aus 20
Antwortstatistiken
Bildquiz Antwort % Korrekt
Griechenland
97%
Spanien
84%
Vereinigtes Königreich
82%
Dänemark
64%
Niederlande
59%
Schweden
54%
Österreich
50%
Norwegen
45%
Kroatien
41%
Belgien
38%
San Marino
38%
Liechtenstein
37%
Finnland
34%
Italien
22%
Lettland
13%
Moldawien
11%
Slowakei
11%
Albanien
7%
Estland
3%
Weißrussland
3%
Keine übereinstimmenden Quizze gefunden
Verteilung der Resultate
Anzahl Personen mit jedem Resultat
Perzentil nach korrekt beantworteten Fragen
Ihre Resultats-Entwicklung
Sie haben dieses Quiz noch nicht gespielt